The Lanzarote Island Quiz - Statistics

General Stats
  • This quiz has been taken 38 times
  • The average score is 4 of 17
Answer Stats
Hint Answer % Correct
Country Spain
90%
Region Canary Islands
84%
Capital city Arrecife
58%
National park {Timanfaya} National Park
48%
Island 1 kilometer away to the north La Graciosa
39%
Famous artist, became part of the airport’s name in 2018 César Manrique
35%
Biggest municipality Teguise
29%
The island was declared this in 1993 by UNESCO Biosphere Reserve
16%
The above has been the capital since this year 1852
10%
Natural symbols Blind crab
6%
Highest peak (670 meters) Peñas del Chache
6%
The island became part of Las Palmas (municipality) in this year 1927
3%
In 1768, this effected the island Drought
3%
This person was the first to name the island Angelino Dulcert
0%
Patron saint Our Lady of Dolours
0%
Köppen climate Subtropical-desert
0%
Natural symbols Tabaiba dulce
0%
No matching quizzes found
Score Distribution
Percent of People with Each Score
Percentile by Number Answered
Your Score History
You have not taken this quiz